000 00616nam a22001937a 4500
999 _c17259
_d17259
003 AR-CdUCM
008 190507b ||||| |||| 00| 0 spa d
040 _aMUNICIPALIDAD PROVINCIAL DEL CUSCO
_cBIBLIOTECA MUNICIPAL DEL CUSCO
082 _a985.612/H22
_bH22
100 _aHarvey Valencia, Armando.
_913164
245 _aCoricancha :
_bEl gran templo del Sol /
260 _aPerú :
_bUnsaac,
_c1994.
300 _a253 páginas ;
_c21 cm.
505 _aContenido :Coricancha ...
650 _aMaravilla del mundo.
_924561
650 _aOmbligo del mundo.
_937155
942 _2ddc
_cLIBROS
945 _arum
_d2019-05-07